000
00243nam a2200097Ia 4500
001
649509
005
20250826153743.0
008
250824s9999 xx 000 0 und d
245
0
_a
KAPİLANDIN KARANLIK YÜZÜ
_c
MİYASE SERTBARUT
260
_b
TUDEM
999
_c
649509
_d
649509